Piłka nożna quiz #196 - Kariera klubowa - Zlatan Ibrahimović - Statystyki

Ogólne statystyki
  • Ten quiz został rozwiązany 543 razy
  • Średni wynik to 10 z 11
Statystyki odpowiedzi
Lata gry Klub % Poprawnych
2010 - 2011 AC Milan
99%
2011 - 2012 AC Milan
99%
2020 - 2023 AC Milan
99%
2009 - 2011 FC Barcelona
97%
2006 - 2009 Inter Mediolan
92%
2012 - 2016 Paris Saint-Germain
88%
2016 - 2018 Manchester United
86%
2018 - 2019 Los Angeles Galaxy
84%
2001 - 2004 AFC Ajax
77%
1999 - 2001 Malmö FF
76%
2004 - 2006 Juventus
72%
Nie znaleziono quizów pasujących do podanych kryteriów
Rozkład punktacji
Procent ludzi z każdym wynikiem
Percentyl według liczby udzielonych odpowiedzi
Twoja historia wyników
Nie rozwiązałeś tego quizu